Budúcnosť usporiadania hospodárskych vzťahov v Európe diplomová práca

Na minha lista:
Detalhes bibliográficos
Autor principal: Bobulová, Ľudmila
Autor Corporativo: Obchodná fakulta EU. Katedra medzinárodného obchodu
Outros Autores: Silná, Zuzana
Formato: Livro
Idioma:eslovaco
Publicado em: Bratislava 2011
Tags: Adicionar Tag
Sem tags, seja o primeiro a adicionar uma tag!

MARC

LEADER 00000nam a2200000 4500
001 0147504
005 20240318124700.4
041 0 |a slo 
044 |a SK 
245 1 0 |a Budúcnosť usporiadania hospodárskych vzťahov v Európe  |b diplomová práca  |c Ľudmila Bobulová ; školiteľ: Zuzana Silná 
264 1 |a Bratislava  |c 2011 
300 |a 94 s. 
100 1 |a Bobulová, Ľudmila 
700 1 |a Silná, Zuzana 
710 2 |a Obchodná fakulta EU. Katedra medzinárodného obchodu